Vzdelávanie pedagógov v téme prevencie: tréningy - sankcie - porozumenie situácii

Téma prevencie z pohľadu aktivít dôležitých pre pedagogických zamestnancov, resp. odborných zamestnancov škôl a školských zariadení. Ak sa téme prevencie, kde sú cieľovou skupinou dôležití dospelí, nevenuje dostatočná pozornosť, v boji so šikanovaním a ďalšími negatívnymi javmi medzi žiakmi, sa poto...

Ausführliche Beschreibung

Gespeichert in:
Bibliographische Detailangaben
1. Verfasser: Lengyel, Peter
Format: Buchkapitel
Sprache:Slowakisch
Schlagworte:
Tags: Tag hinzufügen
Keine Tags, Fügen Sie das erste Tag hinzu!

MARC

LEADER 00000naa a2200000 4500
001 0296373
005 20240417075248.8
041 0 |a slo 
044 |a SK 
245 1 0 |a Vzdelávanie pedagógov v téme prevencie: tréningy - sankcie - porozumenie situácii  |c Peter Lengyel 
520 |a Téma prevencie z pohľadu aktivít dôležitých pre pedagogických zamestnancov, resp. odborných zamestnancov škôl a školských zariadení. Ak sa téme prevencie, kde sú cieľovou skupinou dôležití dospelí, nevenuje dostatočná pozornosť, v boji so šikanovaním a ďalšími negatívnymi javmi medzi žiakmi, sa potom nemusí dariť. Článok predstavuje ďalšie faktory, ktoré môžu výrazne ovplyvniť účinnosť snáh v boji proti negatívnym javom. 
610 2 0 |a školstvo 
610 2 0 |a školy 
610 2 0 |a pedagógovia 
610 2 0 |a vzdelávanie ďalšie 
610 2 0 |a psychológia pedagogická 
610 2 0 |a správanie 
610 2 0 |a prevencia 
610 2 0 |a šikanovanie 
100 1 |a Lengyel, Peter